000 00731nam a2200229Ii 4500
003 JO-AjNU
008 230605s9999||||xx |||||||||||||| ||und||
017 _a2009/6/2888
020 _a978-9957-07-702-0
040 _aJO-AjNU
_bara
_erda
_cJO-AjNU
041 _aara
050 1 4 _aRC467.M34 2010
100 3 _aمليكة ، لويس كامل,
_eauthor
_942909
245 0 0 _aالتقييم النيورو سيكولوجي
250 _aط1
264 3 1 _aعمان,دار الفكر للنشر ، 2010
300 _a366ص
336 _atext
_btxt
_2rdacontent
337 _aunmediated
_bn
_2rdamedia
338 _avolume
_bnc
_2rdacarrier
650 4 _a علم نفس الافراد-سيكولوجية الشخصية
_942910
999 _aA18408
_c21976
_d21976